[Event "Floripa Chess Open 2024"]
[Site "Florianopolis"]
[Date "2024.01.21"]
[Round "2.154"]
[White "Vieira, Igor Do Nascimento"]
[Black "Paula Pinto, Mateus Arsenio"]
[Result "1-0"]
[WhiteElo "1280"]
[BlackElo "1640"]
[PlyCount "103"]
[EventDate "2024.01.20"]
[EventRounds "10"]
[EventCountry "BRA"]

1. e4 e5 2. Nf3 Nc6 3. Bb5 Nf6 4. O-O Nxe4 5. Re1 Nd6 6. Nxe5 Be7 7. Bf1 Nxe5
8. Rxe5 O-O 9. Nc3 Bf6 10. Re1 Re8 11. Nd5 Rxe1 12. Qxe1 Ne8 ({RR} 12... b6 13.
Nxf6+ Qxf6 14. f3 Bb7 15. Qf2 Re8 16. d4 h6 17. Bd2 Nf5 18. c3 Nh4 19. Bd3 Ng6
20. Re1 Rxe1+ 21. Qxe1 Qe6 22. Qxe6 dxe6 23. c4 Kf8 24. Kf2 Ke8 25. Bc2 Ne7 26.
g4 Ba6 27. Bd3 {Aronian,L (2777)-Anand,V (2797) Zuerich 2015 1-0 (43)}) ({RR} 
12... b6 13. d3 Bb7 14. Nxf6+ Qxf6 15. Qb4 c5 16. Qf4 Qxf4 17. Bxf4 Nf5 18. Re1
f6 19. c3 Kf7 20. f3 g5 21. Bd2 h5 22. Kf2 h4 23. Be2 Bd5 24. a3 Rg8 25. Bd1
Be6 26. Bc2 Ne7 27. b4 {Paravyan,D (2586)-Lazavik,D (2541) chess.com INT 2023
0-1 (74)}) 13. d3 $146 ({RR} 13. d4 Bxd4 14. Bg5 f6 15. Bh4 Bc5 16. Qe4 Nd6 17.
Nxf6+ Qxf6 18. Qd5+ Qe6 19. Qxc5 c6 20. Rd1 Ne4 21. Qe3 d5 22. Re1 Qf7 23. f3
Nd6 24. Qe5 Nf5 25. Bf2 Bd7 26. Qc7 Be6 27. Qe5 Re8 {Samunenkov,I (2488)-Oro,F
(2148) chess.com INT 2022 1-0 (54)}) 13... c6 14. Nxf6+ Nxf6 15. Bg5 d5 16. Qe3
Be6 17. d4 h6 18. Bf4 Qb6 19. b3 Re8 20. Re1 Bf5 21. Be5 Bxc2 22. Qg3 Bg6 23.
f4 Ne4 24. Rxe4 dxe4 25. f5 Rxe5 26. Qxe5 Bh5 27. Qe8+ Kh7 28. Qxe4 Qd8 29. g4
Qg5 30. h3 g6 31. f6 Bxg4 32. hxg4 Qxf6 33. Bc4 b5 34. Bd3 Qg5 35. Qf3 Kg7 36.
Kh2 Qd2+ 37. Kh3 a6 38. a4 Qc3 39. Be4 Qxd4 40. Bxc6 bxa4 41. bxa4 a5 42. Bd5
f6 43. Bb3 Qa7 44. Qd3 Qb7 45. Qd5 Qxd5 46. Bxd5 f5 47. gxf5 gxf5 48. Kg3 Kf6
49. Kf4 h5 50. Bg2 Ke6 51. Bh3 Kd6 52. Bxf5 1-0

[Event "Floripa Chess Open 2024"]
[Site "Florianopolis"]
[Date "2024.01.21"]
[Round "2.155"]
[White "De Souza, Samuel B Ornelas"]
[Black "Buffon, Maria Ivy Segalin"]
[Result "1-0"]
[WhiteElo "1639"]
[BlackElo "1254"]
[PlyCount "97"]
[EventDate "2024.01.20"]
[EventRounds "10"]
[EventCountry "BRA"]

1. d4 d5 2. c4 e6 3. cxd5 exd5 4. Nc3 Nf6 5. Bg5 Be7 6. e3 O-O 7. Bd3 Bg4 ({RR
} 7... c5 8. dxc5 Nbd7 9. Nge2 Nxc5 10. O-O Be6 11. Nd4 Qd7 12. Bb5 Qd6 13. Na4
Nce4 14. Bf4 Qd8 15. Rc1 Rc8 16. Rxc8 Qxc8 17. Qa1 Qa8 18. f3 a6 19. Be2 b5 20.
fxe4 bxa4 21. Qd1 a3 22. e5 {Neverov,V (2571)-Shtanko,D (2301) Poltava 2008
1-0 (61)}) 8. Nge2 $146 ({RR} 8. Qc2 Nbd7 9. h3 Bh5 10. f4 c5 11. g4 c4 12.
Bxf6 cxd3 13. Bxe7 Qxe7 14. Qf2 Bg6 15. f5 Rae8 16. O-O-O Qxe3+ 17. Qxe3 Rxe3
18. Nxd5 Rg3 19. Nb4 Rc8+ 20. Kb1 Rg2 21. Nxd3 Rcc2 22. Nf3 Rce2 {Holzapfel,
D-Behrhorst,F Hamburg 1975 1-0}) ({RR} 8. Qc2 h6 9. Bf4 c5 10. dxc5 Nc6 11. h3
Nb4 12. Qd2 Nxd3+ 13. Qxd3 Bh5 14. Nge2 Bxc5 15. O-O Qd7 16. Be5 Bg6 17. Qd2
Qe6 18. Bxf6 Qxf6 19. Nxd5 Qe5 20. Rac1 Bd6 21. Nef4 Bh7 22. Qc3 Qg5 {Krutko,A
(2397)-Andreassen,L (2168) chess.com INT 2023 1-0 (55)}) ({RR} 8. Qb3 Nbd7 9.
Qxb7 Rb8 10. Qxa7 Rxb2 11. Nge2 Bxe2 12. Nxe2 Bb4+ 13. Kf1 h6 14. Bf4 c5 15. a3
c4 16. Bxc4 Qa8 17. Qxa8 Rxa8 18. Bd3 Rxa3 19. Rxa3 Bxa3 20. g3 g6 21. Bxh6 Rd2
22. Bb5 Nb6 {Albarran,G (2226)-Micele,O (1978) Villa Martelli 2003 1/2-1/2 (58)
}) 8... h6 9. Bxf6 Bxf6 10. Qb3 c6 11. Qxb7 Qb6 12. Qxb6 axb6 13. f3 Be6 14.
Nf4 Bg5 15. Nxe6 fxe6 16. Kf2 c5 17. Nb5 Rf7 18. dxc5 bxc5 19. a4 Nc6 20. b3
Nb4 21. Rhd1 e5 22. Rac1 Rc8 23. Nd6 Rfc7 24. Nxc8 Rxc8 25. Bf5 Rc7 26. Be6+
Kf8 27. Bxd5 Na2 28. Rc2 Nb4 29. Rcd2 Bf6 30. e4 Bg5 31. Rb2 Rd7 32. g3 h5 33.
h4 Bh6 34. Ke2 Ke7 35. Bc4 Rxd1 36. Kxd1 Be3 37. a5 Bd4 38. Rh2 Kd6 39. Ke2 Kc7
40. g4 hxg4 41. fxg4 Nc2 42. Rh3 Na3 43. h5 Bb2 44. Bd3 Bc1 45. Re3 Bxe3 46.
Kxe3 Kc6 47. a6 Kb6 48. g5 c4 49. bxc4 1-0

[Event "Floripa Chess Open 2024"]
[Site "Florianopolis"]
[Date "2024.01.21"]
[Round "2.156"]
[White "Nunes, Alice"]
[Black "Vaz, Osvaldo Jose"]
[Result "0-1"]
[WhiteElo "1274"]
[BlackElo "1627"]
[PlyCount "86"]
[EventDate "2024.01.20"]
[EventRounds "10"]
[EventCountry "BRA"]

1. d4 Nf6 2. Bf4 e6 3. Nf3 c5 4. c3 Nc6 5. e3 Qb6 6. Qb3 d5 7. Qxb6 ({RR} 7.
Na3 Bd7 8. Qxb6 axb6 9. Nb5 Rc8 10. h3 Be7 11. Nd6+ Bxd6 12. Bxd6 Ne4 13. Bh2
c4 14. g4 b5 15. Nd2 b4 16. Nxe4 dxe4 17. Bg2 f5 18. f3 exf3 19. Bxf3 bxc3 20.
bxc3 Ke7 21. gxf5 exf5 {Ong,Y (2086)-Lee,J (1672) Singapore SIN 2023 1-0 (39)})
7... axb6 8. Bb5 Be7 9. Nbd2 $146 ({RR} 9. Bc7 Bd8 10. Bxd8 Kxd8 11. Bxc6 bxc6
12. Ne5 Ke8 13. Nxc6 Nd7 14. Ne5 Nxe5 15. dxe5 Ba6 16. Na3 Bd3 17. Kd2 Ba6 18.
Rhc1 Ke7 19. Nc2 Ra7 20. b4 Rf8 21. a4 f6 22. exf6+ Rxf6 23. Ke1 Bd3 {Kiraz,Y 
(1658)-Toker,K (1647) Konya TUR 2018 1-0 (40)}) 9... O-O 10. h3 h6 11. Bxc6
bxc6 12. Bg3 Ba6 13. Ne5 Rfc8 14. f4 cxd4 15. exd4 c5 16. Nef3 cxd4 17. Nxd4
Nh5 18. Bh2 Bh4+ 19. Kd1 Ng3 20. Bxg3 Bxg3 21. f5 e5 22. Ne2 Bf2 23. Rc1 Bd3
24. Ra1 b5 25. Rf1 Bh4 26. g4 b4 27. Rf3 e4 28. Rf4 Bg5 29. Rf1 Bf6 30. Rg1
bxc3 31. bxc3 Bxe2+ 32. Kxe2 Bxc3 33. Rad1 Rxa2 34. Ke3 d4+ 35. Kxe4 Rxd2 36.
Rxd2 Bxd2 37. Kxd4 Re8 38. Rg3 Re1 39. Kd3 Bg5 40. Rf3 Kf8 41. Kd4 Ke7 42. Rf2
Be3+ 43. Kd5 Bxf2 0-1

[Event "Floripa Chess Open 2024"]
[Site "Florianopolis"]
[Date "2024.01.21"]
[Round "2.157"]
[White "Kerr, Carter"]
[Black "Biazon, Natalia De Oliveira"]
[Result "0-1"]
[WhiteElo "1624"]
[BlackElo "1250"]
[PlyCount "65"]
[EventDate "2024.01.20"]
[EventRounds "10"]
[EventCountry "BRA"]

1. e4 e6 2. Nf3 d5 3. exd5 exd5 4. d4 Nf6 5. Bd3 Bd6 6. O-O O-O 7. Bg5 h6 8.
Bh4 Bg4 9. Nc3 ({RR} 9. Nbd2 Nbd7 10. c4 dxc4 11. Nxc4 Nb6 12. Nce5 Be6 13. Bc2
Nbd5 14. a3 Re8 15. Nc4 Be7 16. Nfe5 Nd7 17. Bg3 Nxe5 18. Nxe5 Nf6 19. b4 Qd5
20. Qd3 Red8 21. Rfd1 a5 22. b5 a4 23. Qe2 Re8 {Stepovaia,T (2375)-Tairova,E  
(2391) Moscow 2007 1-0 (47)}) ({RR} 9. Nbd2 c5 10. dxc5 Bxc5 11. c3 Nc6 12. Qb3
Bb6 13. Qa4 Bh5 14. Qf4 Bc7 15. Bxf6 Bxf4 16. Bxd8 Raxd8 17. g3 Bc7 18. Kg2 f5
19. Nb3 f4 20. Nfd4 f3+ 21. Kg1 Ne5 22. Rad1 Rf6 23. Rfe1 Bg4 {Garcia Correa,J
(2103)-Mangialardo,T (1965) chess.com INT 2023 1-0 (35)}) 9... c6 10. Qe2 $146
({RR} 10. Ne2 Nbd7 11. Nd2 c5 12. c3 Qb6 13. f3 Bh5 14. Qc2 Rac8 15. Kh1 g5 16.
Bf2 c4 17. Bf5 Kg7 18. Bg3 Rce8 19. Rae1 Bg6 20. Bxd6 Qxd6 21. Ng3 Qf4 22. Bxg6
fxg6 23. b3 b5 24. bxc4 bxc4 {Pitso,F (1944)-Thabethe,N (1842) Johannesburg
2017 1/2-1/2 (40)}) ({RR} 10. h3 Bh5 11. Re1 Nbd7 12. Bf5 g5 13. Bg3 Bxg3 14.
fxg3 g4 15. Ne5 gxh3 16. Qd2 Kg7 17. Qf4 hxg2 18. Nxd7 Nxd7 19. Bxd7 Qxd7 20.
Qe5+ Kg6 21. Kxg2 Qf5 22. Qxf5+ Kxf5 23. Re5+ Kg6 24. Kh3 Rae8 {Karacsonyi,K  
(1429)-B Kiss,T (1475) Budapest 2014 0-1 (44)}) 10... Re8 11. Bxf6 gxf6 12. Qd2
Bxf3 13. gxf3 Kg7 14. Kh1 Rh8 15. Rg1+ Kf8 16. Rg2 Qc7 17. Rag1 Bf4 18. Qe2 Nd7
19. Bh7 Bg5 20. Qd3 Ke8 21. h4 Nf8 22. Re1+ Kd8 23. hxg5 Rxh7 24. gxf6 Ng6 25.
Rxg6 fxg6 26. Qxg6 Qf7 27. Re8+ Kxe8 28. Qf5 Rd8 29. Na4 Kf8 30. Nc5 b6 31.
Ne6+ Ke8 32. Qe5 Qg8 33. Nxd8+ 0-1

[Event "Floripa Chess Open 2024"]
[Site "Florianopolis"]
[Date "2024.01.21"]
[Round "2.159"]
[White "Hessmann, Eduardo Franzoni"]
[Black "Lopes, Marcia Maria Dias"]
[Result "1-0"]
[WhiteElo "1665"]
[BlackElo "1297"]
[PlyCount "42"]
[EventDate "2024.01.20"]
[EventRounds "10"]
[EventCountry "BRA"]

1. e4 c5 2. Nf3 d6 3. d4 cxd4 4. Nxd4 Nf6 5. Nc3 a6 6. f3 e5 7. Nb3 Be7 8. Be3
Be6 9. Qd2 Nbd7 10. O-O-O Rc8 11. g4 Nb6 12. g5 ({RR} 12. Kb1 O-O 13. h4 a5 14.
g5 Nh5 15. Nxa5 Ra8 16. Nb3 Ng3 17. Bxb6 Qxb6 18. Rh2 Nxf1 19. Rxf1 Qa6 20. Rd1
b5 21. Nc1 Bc4 22. b3 Rfb8 23. Nd5 Bxd5 24. Qxd5 b4 25. Rhd2 Rc8 26. Qd3 Qa3 {
Ponomariov,R (2700)-Polgar,J (2728) Wijk aan Zee 2005 1-0 (56)}) 12... Nh5 ({RR
} 12... Nfd7 13. h4 Qc7 14. Kb1 Nc4 15. Bxc4 Bxc4 16. h5 b5 17. g6 hxg6 18.
hxg6 Rxh1 19. gxf7+ Bxf7 20. Rxh1 Nf6 21. a3 Qd7 22. Rh8+ Bf8 23. f4 Ng4 24.
Bc5 Rd8 25. Bb4 Qc6 26. Qg2 Qd7 27. Qd2 {Nikolov,S (2254)-Angun,B (2250)
Balikesir TUR 2022 1-0 (53)}) 13. Kb1 g6 $146 ({RR} 13... O-O 14. Nd5 Nxd5 15.
exd5 Bf5 16. Rc1 Nf4 17. Bxf4 exf4 18. Nd4 Bd7 19. h4 f6 20. g6 hxg6 21. Ne6
Bxe6 22. dxe6 Rc5 23. Bd3 f5 24. Qxf4 Qb6 25. c3 Rfc8 26. Qg3 Rxc3 27. Rxc3
Rxc3 28. Qxg6 {Kissing,B-Klamp,C (2064) Solingen 2014 1/2-1/2}) ({RR} 13... O-O
14. f4 Nxf4 15. Bxf4 exf4 16. h4 Qd7 17. Qxf4 Rxc3 18. bxc3 Na4 19. Qe3 Rc8 20.
c4 b5 21. c5 Qc7 22. Bh3 dxc5 23. Bxe6 Qe5 24. c3 fxe6 25. Rd7 Nxc3+ 26. Kc2
Nd5 27. Qe1 Nb4+ 28. Kb1 {Audet Bouchard,N (2136)-Larochelle,M (2174) Montreal
2005 1-0 (37)}) 14. Qf2 Nc4 15. Bxc4 Bxc4 16. h4 O-O 17. Nd5 Bxd5 18. Rxd5 Qe8
19. Qd2 b5 20. Nc1 Rc6 21. Nd3 Rc4 1-0

[Event "Floripa Chess Open 2024"]
[Site "Florianopolis"]
[Date "2024.01.21"]
[Round "2.160"]
[White "Cunha E Silva, Carlos Alberto V."]
[Black "Dos Santos, Douglas Asterio"]
[Result "1-0"]
[WhiteElo "1984"]
[BlackElo "1353"]
[PlyCount "42"]
[EventDate "2024.01.20"]
[EventRounds "10"]
[EventCountry "BRA"]

1. e4 c6 2. d4 d5 3. Nc3 dxe4 4. Nxe4 Bf5 5. Ng3 Bg6 6. h4 h6 7. h5 Bh7 8. Nf3
e6 9. Bd3 Bxd3 10. Qxd3 Nf6 11. Bd2 Nbd7 12. O-O Bd6 13. Ne4 Nxe4 14. Qxe4 Nf6
15. Qh4 Qc7 $146 ({RR} 15... Rc8 16. c4 O-O 17. Rad1 Qe7 18. a3 Rfe8 19. Rfe1
b6 20. b4 b5 21. c5 Bb8 22. Bc1 Red8 23. Bb2 Rd5 24. Ne5 Qd8 25. f4 a6 26. Rd3
Bxe5 27. fxe5 Nh7 28. Qxd8+ Rcxd8 29. g4 Ng5 30. Rg3 {Zwart,G-Rico Hernandez,E
Ca'n Picafort 1992 1/2-1/2 (37)}) ({RR} 15... O-O 16. Rfe1 Qb6 17. Rab1 Rad8
18. g4 Be7 19. Qg3 Nh7 20. c3 c5 21. Be3 cxd4 22. Bxd4 Bc5 23. Bxc5 Qxc5 24.
Rbd1 Rd5 25. Qf4 Rfd8 26. Rxd5 Qxd5 27. c4 Qd6 28. Qxd6 Rxd6 29. Kg2 Kf8 30.
Re2 {De Lira,G (1784)-Mendes,R (1921) Rio de Janeiro | BRA 2018 1/2-1/2 (79)})
({RR} 15... O-O 16. Kh1 Nd5 17. Qg4 Nf6 18. Qh4 Kh7 19. g4 Ne4 20. Qxd8 Raxd8
21. c3 Rd7 22. Be3 Rfd8 23. Rae1 Nf6 24. Rg1 b6 25. Ne5 Bxe5 26. dxe5 Nd5 27.
Bc1 b5 28. f4 Ne7 29. g5 Nf5 30. g6+ {Gucaga,A (1450)-Nguyen,H (1706) Maribor
2012 0-1 (56)}) 16. Rfe1 O-O-O 17. Ne5 Bxe5 18. Rxe5 Rd5 19. Rxd5 Nxd5 20. a4
Kd7 21. Rc1 Rc8 1-0

[Event "Floripa Chess Open 2024"]
[Site "Florianopolis"]
[Date "2024.01.21"]
[Round "2.162"]
[White "Nunes, Nicole"]
[Black "Pereira, Armando Scharlau"]
[Result "0-1"]
[WhiteElo "1253"]
[BlackElo "1618"]
[PlyCount "39"]
[EventDate "2024.01.20"]
[EventRounds "10"]
[EventCountry "BRA"]

1. d4 Nf6 2. c4 e6 3. Nc3 d5 4. Bg5 c6 5. Nf3 Be7 6. e3 O-O 7. Rc1 a6 8. cxd5 (
{RR} 8. Bd3 b5 9. cxd5 Nxd5 10. Bxe7 Qxe7 11. O-O Nd7 12. Nxd5 cxd5 13. Rc7 Qd6
14. Qc2 h6 15. Rc1 Nb6 16. Ne5 Nd7 17. Qc6 Qxc6 18. Nxc6 Re8 19. Na7 Nb6 20.
R1c6 Rb8 21. Rxb6 Rxb6 22. Nxc8 Rb8 {Umetsubo,C (2392)-Chemin,V (2127)
Curitiba 2017 1-0 (40)}) 8... exd5 9. Bd3 h6 $146 ({RR} 9... Bg4 10. Qc2 h6 11.
Bh4 Nbd7 12. O-O Re8 13. Nd2 Nf8 14. Nb3 N6h7 15. Bg3 Bh4 16. Ne2 Bxg3 17. Nxg3
Qg5 18. Bf5 g6 19. Bxg4 Qxg4 20. Nc5 Rab8 21. Qe2 Qg5 22. Qf3 Ne6 23. Ne2 Nhf8
{1/2-1/2 (23) Radziewicz,K (1961)-Golek,J (2044) Leba 2008}) 10. Bh4 Re8 11. a3
Nbd7 12. Bb1 Nf8 13. O-O Bg4 14. h3 Bh5 15. Re1 Ne4 16. Bxe7 Qxe7 17. g4 Bg6
18. Ne5 Ne6 19. Nxg6 fxg6 20. Ne2 0-1

[Event "Floripa Chess Open 2024"]
[Site "Florianopolis"]
[Date "2024.01.21"]
[Round "2.163"]
[White "Morioka, Felipe Yukio"]
[Black "De Carvalho, Amauri"]
[Result "1-0"]
[WhiteElo "1612"]
[BlackElo "1238"]
[PlyCount "116"]
[EventDate "2024.01.20"]
[EventRounds "10"]
[EventCountry "BRA"]

1. e4 e5 2. Nf3 Qe7 3. Bc4 d6 4. d3 Be6 ({RR} 4... h6 5. Nbd2 g6 6. c3 Bg7 7.
Nf1 c6 8. Ng3 Nd7 9. h4 Nb6 10. Bb3 f5 11. exf5 gxf5 12. Nh5 Nf6 13. Nxg7+ Qxg7
14. Qe2 e4 15. g3 Qe7 16. dxe4 fxe4 17. Nh2 Be6 18. Be3 {1/2-1/2 (18) Maiwald,
J (2484)-Telljohann,S (2432) Germany 2007}) 5. Nbd2 Nf6 6. c3 Bxc4 $146 ({RR} 
6... c6 7. Qb3 b5 8. Bxe6 Qxe6 9. Qxe6+ fxe6 10. a4 Be7 11. axb5 cxb5 12. Nb3
O-O 13. Ng5 Ng4 14. f3 Bxg5 15. Bxg5 Nf6 16. Ke2 Nbd7 17. Ra6 Nb6 18. Rha1 Nfd7
19. Rxa7 Rxa7 20. Rxa7 Ra8 21. Rxa8+ {Ferrari,T-De Carvalho,A (1238)
Florianopolis BRA 2024 1-0}) 7. Nxc4 h6 8. Qb3 c6 9. O-O Qc7 10. Re1 b5 11. Ne3
Be7 12. Nf5 O-O 13. d4 Re8 14. dxe5 dxe5 15. c4 a6 16. Bd2 Bf8 17. Bc3 Nbd7 18.
cxb5 cxb5 19. Rac1 Qb8 20. Bb4 Bxb4 21. Qxb4 a5 22. Qc3 b4 23. Qc4 Kf8 24. Ng3
Rc8 25. Qe2 Ra7 26. Qd2 Kg8 27. Nh4 Rac7 28. Nhf5 Kh7 29. Ne3 Qa7 30. h3 Rxc1
31. Rxc1 Rxc1+ 32. Qxc1 Qd4 33. Qc4 Qxc4 34. Nxc4 a4 35. f3 g6 36. Kf2 Ne8 37.
Ne2 f6 38. Nc1 Nc5 39. Ke3 Nc7 40. Nd3 N7e6 41. Nxb4 Nf4 42. Kf2 Kg7 43. a3 Kf7
44. h4 Ke6 45. g3 Nfd3+ 46. Nxd3 Nxd3+ 47. Ke3 Nc5 48. g4 Kd7 49. Nb6+ Kd6 50.
Nd5 Ke6 51. Kd2 f5 52. Ke3 f4+ 53. Ke2 g5 54. h5 Nb3 55. Nc3 Nc5 56. Nd5 Nb3
57. Nb4 Kd6 58. Nd3 Nd4+ 1-0

[Event "Floripa Chess Open 2024"]
[Site "Florianopolis"]
[Date "2024.01.21"]
[Round "2.164"]
[White "Cunha, Angelo"]
[Black "Leite, Lucas Bueno De Oliv"]
[Result "1-0"]
[WhiteElo "1598"]
[BlackElo "1227"]
[PlyCount "101"]
[EventDate "2024.01.20"]
[EventRounds "10"]
[EventCountry "BRA"]

1. e4 c6 2. Ne2 d5 3. e5 Bf5 4. Ng3 Bg6 5. h4 h5 6. d4 e6 7. Bg5 ({RR} 7. c4
Ne7 8. Nc3 Nd7 9. Bg5 Qb6 10. Rc1 Qxb2 11. Bd3 dxc4 12. Bxg6 Nxg6 13. O-O Nb6
14. Nce4 Qxa2 15. Nxh5 Nd5 16. Qf3 Rh7 17. Ra1 Qb3 18. Qg4 b5 19. Ra6 Kd7 20.
Rfa1 Kc7 21. Nhg3 Kb7 {Van Foreest,J (2687)-Shimanov,A (2581) chess.com INT
2023 1-0}) 7... f6 $146 ({RR} 7... Qb6 8. b3 c5 9. c3 Nc6 10. Be3 cxd4 11. cxd4
Nb4 12. Nc3 Nc2+ 13. Kd2 Nxa1 14. Bb5+ Kd8 15. Qxa1 Bb4 16. Bd3 Rc8 17. Nge2
Bxd3 18. Kxd3 Qa6+ 19. Kd2 Qa5 20. f3 Ne7 21. g4 Kd7 22. Bf2 {Kleinschmidt,
F-Wolff,P Hessen 1990 0-1 (33)}) ({RR} 7... Qb6 8. b3 c5 9. c3 Nc6 10. Be2 cxd4
11. O-O Bxb1 12. Rxb1 dxc3 13. Nxh5 Qd4 14. Qc1 g6 15. Nf6+ Nxf6 16. Bxf6 Rg8
17. Rd1 Qc5 18. Rd3 d4 19. Qf4 Be7 20. b4 Nxb4 21. Rxd4 Nd5 22. Bb5+ {Stoilov,
A (1789)-Andreev,D (1928) Sofia 2015 1-0 (39)}) 8. exf6 gxf6 9. Be3 Qc7 10. Nd2
Bd6 11. Rh3 Qh7 12. Rc1 Ne7 13. Qf3 Nd7 14. c4 Nf5 15. cxd5 cxd5 16. Ne2 Nxe3
17. Qxe3 Bf5 18. Rh1 Ke7 19. Nf4 Rac8 20. Nxd5+ Kf7 21. Nc3 Nb6 22. Bb5 Nd5 23.
Qf3 Bg4 24. Qd3 Qxd3 25. Bxd3 Bb4 26. f3 Nf4 27. Bc4 Bf5 28. g3 Nd3+ 29. Bxd3
Bxd3 30. Kf2 Rhd8 31. Ke3 Ba6 32. a3 Ba5 33. b4 Bb6 34. Nb3 e5 35. Rhd1 Bc4 36.
Nc5 Rc7 37. dxe5 Bxc5+ 38. bxc5 Rxd1 39. Rxd1 fxe5 40. Ne4 Bb3 41. Rb1 Bc2 42.
Rxb7 Rxb7 43. Nd6+ Ke7 44. Nxb7 Kd7 45. Nd6 Bg6 46. f4 exf4+ 47. gxf4 Bc2 48.
f5 Ba4 49. Kd4 Bc6 50. Ke5 Ke7 51. Nc8+ 1-0

[Event "Floripa Chess Open 2024"]
[Site "Florianopolis"]
[Date "2024.01.21"]
[Round "2.165"]
[White "Born, Ary"]
[Black "Franzen, Mark Scheer"]
[Result "0-1"]
[WhiteElo "1249"]
[BlackElo "1596"]
[PlyCount "38"]
[EventDate "2024.01.20"]
[EventRounds "10"]
[EventCountry "BRA"]

1. d4 d5 2. Nf3 Nc6 3. Bf4 Bg4 4. Nbd2 e6 5. c3 Bd6 6. Bg3 Nf6 7. Qc2 ({RR} 7.
Qb3 Rb8 8. e3 O-O 9. Bd3 Ne7 10. O-O Bf5 11. c4 c6 12. Rfd1 h6 13. Rac1 Bxd3
14. Qxd3 Nf5 15. Be5 Bxe5 16. dxe5 Nd7 17. e4 Ne7 18. Qa3 a6 19. Re1 Ng6 20.
exd5 exd5 21. cxd5 cxd5 {Pinter,J (2535)-Rabiega,R (2539) Austria 2005 1/2-1/2
(52)}) ({RR} 7. Qb3 Bxf3 8. exf3 Rb8 9. Bd3 O-O 10. O-O e5 11. dxe5 Nxe5 12.
Bc2 Ng6 13. Rfe1 Nf4 14. Qa4 N6h5 15. Qxa7 Re8 16. Nf1 Qg5 17. Qa4 Ne2+ 18. Kh1
f5 19. Bxd6 cxd6 20. Bd3 Nhf4 21. Ng3 Nxg3+ {Pham Le Thao Nguyen (2369)
-Chernov,M (2205) chess.com INT 2023 1-0 (45)}) 7... O-O 8. e3 Ne7 $146 ({RR} 
8... Re8 9. Ne5 Bf5 10. Bd3 Bxe5 11. dxe5 Bxd3 12. Qxd3 Nd7 13. f4 f6 14. exf6
Qxf6 15. O-O Qf5 16. Qe2 Nf6 17. Rac1 a6 18. h3 Ne4 19. Nxe4 Qxe4 20. Rcd1 Rad8
21. f5 exf5 22. Bxc7 Rd7 23. Bb6 {Ruprich,F-Dormann,L (2290) Giessen 1993 0-1 
(46)}) ({RR} 8... Bf5 9. Qb3 Rb8 10. a4 h6 11. Be2 Ne4 12. Nxe4 Bxe4 13. O-O
Bxg3 14. hxg3 Qd6 15. a5 b6 16. axb6 axb6 17. Nd2 Bg6 18. Ra6 e5 19. Rfa1 exd4
20. exd4 Qe6 21. Bb5 Na5 22. Qa2 Nb7 23. Ra7 {Soln,P (2384)-Barle,J (2396)
Bled 2008 1/2-1/2}) 9. Bd3 Ng6 10. Nf1 h6 11. O-O-O c5 12. Be2 Ne4 13. h3 Bf5
14. Qa4 Bxg3 15. Nxg3 Nxf2 16. Nxf5 exf5 17. Ne5 Nxe5 18. dxe5 Nxh1 19. Bf3 Qg5
0-1

[Event "Floripa Chess Open 2024"]
[Site "Florianopolis"]
[Date "2024.01.21"]
[Round "2.166"]
[White "Lahoz, Cassiano"]
[Black "De Abreu, Wiliam"]
[Result "1-0"]
[WhiteElo "1592"]
[BlackElo "1197"]
[PlyCount "65"]
[EventDate "2024.01.20"]
[EventRounds "10"]
[EventCountry "BRA"]

1. e4 c5 2. Nc3 d6 3. g3 Nf6 4. Bg2 e6 5. Nf3 ({RR} 5. Nh3 Be7 6. O-O O-O 7. d3
Nc6 8. f4 d5 9. f5 dxe4 10. fxe6 Bxe6 11. Nxe4 Nxe4 12. dxe4 Qxd1 13. Rxd1 Rad8
14. Be3 b6 15. Nf4 Bg4 16. Rxd8 Rxd8 17. Nd5 Bf8 18. h3 Be6 19. Rd1 Nb4 {
Bogner,S (2577)-Manukyan,S (2244) chess.com INT 2020 1-0}) 5... Nbd7 6. O-O Be7
7. d3 ({RR} 7. d4 cxd4 8. Nxd4 a6 9. a4 Qc7 10. h3 Ne5 11. f4 Nc4 12. Kh1 O-O
13. Qd3 Rb8 14. g4 b6 15. f5 Ne5 16. Qg3 g6 17. Bh6 Re8 18. Rf2 exf5 19. Raf1
Nxe4 20. Bxe4 fxe4 21. Nd5 Qb7 {Gusakov,P-Szafranski,M (1526) Poznan POL 2021
0-1 (44)}) 7... a6 $146 ({RR} 7... O-O 8. Be3 Ng4 9. d4 Nxe3 10. fxe3 Qc7 11.
Qe2 a6 12. Nd2 b5 13. e5 d5 14. Nd1 c4 15. e4 Bb7 16. Ne3 Nb6 17. c3 Rad8 18.
h4 f6 19. Bh3 Bc8 20. Ng4 f5 21. exf5 {1/2-1/2 (21) Petrov,A-Cholakov,N (1524)
Albena 2011}) 8. h3 O-O 9. Bf4 e5 10. Bg5 Rb8 11. Nh4 h6 12. Be3 Re8 13. Qd2 b5
14. Nf5 Bf8 15. f4 Nb6 16. fxe5 dxe5 17. Rf2 b4 18. Ne2 Qc7 19. Nxh6+ gxh6 20.
Rxf6 Re6 21. Rxe6 Bxe6 22. Bxh6 Bxh6 23. Qxh6 Qe7 24. b3 Nd7 25. Rf1 Rb6 26.
Qe3 Rc6 27. g4 Nf8 28. Ng3 Nh7 29. Nf5 Bxf5 30. exf5 Rc7 31. f6 Qd6 32. Qh6 Nf8
33. Qg7# 1-0

[Event "Floripa Chess Open 2024"]
[Site "Florianopolis"]
[Date "2024.01.21"]
[Round "2.167"]
[White "Vaz, Vania Dora Madona"]
[Black "Orlandi Neto, Aristides"]
[Result "0-1"]
[WhiteElo "1236"]
[BlackElo "1592"]
[PlyCount "38"]
[EventDate "2024.01.20"]
[EventRounds "10"]
[EventCountry "BRA"]

1. e4 e5 2. Nf3 Nc6 3. Bc4 Bc5 4. d3 Nf6 5. Nc3 h6 6. O-O d6 7. a3 Bg4 ({RR} 
7... a6 8. Be3 Bxe3 9. fxe3 O-O 10. Qe1 Be6 11. Nd5 Bxd5 12. exd5 Ne7 13. e4
Ng6 14. Nh4 Nxh4 15. Qxh4 Nh7 16. Qg3 Qg5 17. Qh3 g6 18. Rae1 Kg7 19. Bb3 f5
20. c3 Qg4 21. Qxg4 fxg4 22. Bc2 {Rasulov,V (2536)-Malakhov,V (2648) chess.com
INT 2024 1/2-1/2 (71)}) 8. Na4 Nd4 $146 ({RR} 8... a6 9. Nxc5 dxc5 10. c3 Bxf3
11. Qxf3 O-O 12. Be3 b6 13. Rad1 Qe7 14. Qg3 Kh8 15. f4 Rad8 16. fxe5 Nxe5 17.
Ba2 Rxd3 18. Rxd3 Nxd3 19. Bxh6 gxh6 20. Qxd3 a5 21. Qf3 Nxe4 22. Qh5 Qg5 23.
Qxg5 {Brandao,A (1653)-Pereira,A (1165) Vila Nova de Gaia POR 2018 0-1 (49)})
9. Nxc5 dxc5 10. Bxf7+ Kf8 11. Ba2 Nxf3+ 12. gxf3 Bh3 13. Re1 Nh5 14. f4 Qh4
15. fxe5 Ke7 16. Re3 Rhf8 17. Qd2 Qg4+ 18. Rg3 Nxg3 19. hxg3 Qf3 0-1

[Event "Floripa Chess Open 2024"]
[Site "Florianopolis"]
[Date "2024.01.21"]
[Round "2.168"]
[White "Silva, Henrique Brasil Bar"]
[Black "Fraga, Sofia Carneiro"]
[Result "1-0"]
[WhiteElo "1590"]
[BlackElo "1174"]
[PlyCount "44"]
[EventDate "2024.01.20"]
[EventRounds "10"]
[EventCountry "BRA"]

1. e4 e5 2. Nf3 Nf6 3. Nc3 d6 4. h3 Nc6 5. Be2 ({RR} 5. g3 g6 6. d4 exd4 7.
Nxd4 Bg7 8. Nde2 O-O 9. Bg2 Rb8 10. O-O b5 11. Nd5 Nxd5 12. exd5 Ne7 13. Nd4 b4
14. a3 a5 15. axb4 Rxb4 16. c3 Rc4 17. Qd3 Rc5 18. Nb3 Bf5 19. Qd1 Rb5 {
Jovanovic,Z (2368)-Kristovic,M (2300) Bosnjaci 2001 1/2-1/2 (55)}) 5... Be7 6.
d3 h6 7. O-O $146 ({RR} 7. Bd2 Be6 8. a3 a6 9. Rb1 b5 10. b4 O-O 11. O-O Nh7
12. Qc1 f5 13. Nh2 f4 14. Bg4 Bxg4 15. Nxg4 h5 16. Nh2 Nd4 17. Qd1 Nf6 18. Nf3
Nxf3+ 19. Qxf3 g6 20. Nd5 c6 21. Nxe7+ Qxe7 {Rabello,L (1266)-Petrenko,W (1876)
Salão de Convenções do Hot 2022 0-1 (39)}) ({RR} 7. Bd2 Be6 8. a3 a6 9. Rb1
b5 10. b4 O-O 11. O-O Nh7 12. Qc1 f5 13. Nh2 f4 14. Bg4 Bxg4 15. Nxg4 h5 16.
Nh2 Nd4 17. Qd1 Nf6 18. Nf3 Nxf3+ 19. Qxf3 g6 20. Nd5 c6 21. Nxe7+ Qxe7 {
Rabello,L (1266)-Petrenko,W (1877) Salão de Convenções do Hot 2022 0-1 (39)}
) 7... O-O 8. Re1 d5 9. Nd2 d4 10. Ncb1 Be6 11. Bf1 Qd7 12. Kh2 Nb4 13. a3 Na6
14. g3 Nh7 15. f4 f5 16. Bg2 exf4 17. gxf4 fxe4 18. Nxe4 Bd6 19. Nxd6 Qxd6 20.
c4 Rab8 21. Rxe6 Qd7 22. Bd5 Kh8 1-0